000 00387nam a22001697a 4500
003 SGT
020 _a9789388725576
082 _a618.92
_bP21C
100 _aChaurasia, D. D.
245 _aPediatrics for students and practitioners
250 _a2nd
260 _aChennai
_bCBS Publishers
_c2021
300 _a386
650 _aPediatrics
653 _aPediatrics
942 _2ddc
_cBK
999 _c22766
_d22766